000 01026nam0a2200313 4500
001 RU\NLR\BIBL_A\011349606
005 20250626050937.0
010 _a978-5-17-097996-7
_92000
021 _aRU
_b2017-11636
_9856
035 _a(NLR Aleph) 011349606
090 _a11237789
_c11237789
100 _a20170320d2017 |||y0rusy50 ca
101 1 _arus
_ceng
102 _aRU
105 _aa z 000ay
200 1 _aОбратный отсчёт
_e[для среднего школьного возраста]
_fНатали Стэндифорд
_g[пер. с англ. А. Петрушиной]
210 _aМосква
_cАСТ
_d2017
215 _a253, [1] с.
_cил.
_d21
225 1 _aНеудержимые
225 1 _a39 ключей
333 _a12+
686 0 _aШ9(7США)62-4
700 1 _aСтэндифорд
_bН.
_gНатали
942 _cBOOK
980 _aNB